[Event "Euskadi-chTB"]
[Site "Euskadi"]
[Date "2000.12.02"]
[Round "3"]
[White "San Millan Ovejero, Baltasar"]
[Black "Alvarez Ayarza, Julen"]
[Result "1-0"]
[WhiteElo "1725"]
[BlackElo "1950"]
[PlyCount "99"]
[EventDate "2000.11.18"]
[EventType "team"]
[EventRounds "9"]
[EventCountry "ESP"]
[SourceTitle "EXT 2006"]
[Source "ChessBase"]
[SourceDate "2005.11.24"]
[SourceVersion "1"]
[SourceVersionDate "2005.11.24"]
[SourceQuality "1"]

1. d4 Nf6 2. c4 e6 3. Nc3 d5 4. e3 Be7 5. Nf3 c6 6. Bd3 0-0 7. 0-0 Nbd7 8. e4 dxe4 9. Nxe4 c5 10. dxc5 Nxe4 11. Bxe4 Nxc5 12. Bc2 Bf6 13. Rb1 a5 14. Be3 b6 15. Bxc5 bxc5 16. Nd2 Qc7 17. Ne4 Bd4 18. a3 f5 19. Ng5 Rf6 20. Qe2 Rg6 21. Qh5 Rf6 22. Qxh7+ Kf8 23. Qh8+ Ke7 24. Qxg7+ Kd6 25. Qxc7+ Kxc7 26. b3 Bb7 27. Rfe1 e5 28. g3 Rg8 29. h4 Rh6 30. Kf1 f4 31. Be4 Bxe4 32. Nxe4 fxg3 33. fxg3 Rf8+ 34. Kg2 Rg8 35. Kh3 Kd7 36. Rf1 Ke7 37. b4 axb4 38. axb4 cxb4 39. Rxb4 Rc6 40. Rb7+ Kd8 41. Rb8+ Rc8 42. Rxc8+ Kxc8 43. Rf7 Kd8 44. h5 Rh8 45. g4 Rh6 46. Rf6 Rh7 47. h6 Be3 48. g5 Ke7 49. Kg4 Bf4 50. Kf5 1-0